000 00784nam a22002657a 4500
001 BR8105259
003 BR-BrBNA
005 20230928091031.0
007 ta
008 230509b bl.||||| |||| 00| 0 por d
040 _aBR-BrBNA
_bpor
_cBiblioteca Nacional de Agricultura
041 _a(Por)
072 _aP00; F40
090 _ P00 BR8105259
100 1 _aSantos, F. de A.M. dos
110 1 _aEmpresa de Assistencia Tecnica e Extensao Rural do Ceara, Ubajara (Brasil). Escritorio Regional de Ubajara
_94005
245 1 _aPreservacao de recursos naturais
260 3 _aUbajara, CE (Brasil):
_c1981.
300 _a3 p.
650 _aRECURSO NATURAL
650 _aECOLOGIA VEGETAL
650 _aCONSERVACAO DO SOLO
909 _a202309
_bLucia
_c55
_dLucia Elande
942 _cBK
999 _c31861
_d31861